000 00521nam a22001937a 4500
003 KOHA_MİRAKIL
005 20251002155903.0
008 251002b tu ||||| |||| 00| 0 tur d
020 _a9786057739094
040 _aTR-AnABB
_btur
_cTR-AnABB
041 _atur
082 _a813.42
_bYEN 2020
100 1 _aYeniaras, Orhan,
245 1 0 _aDeliler /
_cOrhan Yeniaras
260 _aAnkara :
_bPanama Yayıncılık,
_c2020
300 _a397 sayfa ;
_c21 cm
650 0 4 _aTürk edebiyatı, roman
942 _2ddc
_cBK
999 _c9048
_d9048
900 _bGizem YORULMAZ